[Event "Keres mem (29th)"]
[Site "Vancouver CAN"]
[Date "2004.05.24"]
[Round "7.3"]
[White "Milicevic, Dragoljub"]
[Black "Oszvald, Joseph"]
[Result "1/2-1/2"]
[WhiteElo "2209"]
[BlackElo "2113"]
[PlyCount "149"]
[GameId "2160767911145843"]
[EventDate "2004.05.21"]
[EventType "swiss"]
[EventRounds "7"]
[EventCountry "CAN"]
[SourceTitle "LesEchecs.com"]
[Source "LesEchecs.com"]
[SourceDate "2003.03.18"]
[SourceVersion "1"]
[SourceVersionDate "2003.01.01"]
[SourceQuality "1"]

1. Nf3 g6 2. g3 Bg7 3. Bg2 c5 4. c4 Nc6 5. Nc3 d6 6. d3 e5 7. Nd5 h6 8. e4 Be6 9. O-O Qd7 10. Rb1 Nge7 11. a3 Bg4 12. h3 Bxf3 13. Qxf3 Nxd5 14. cxd5 Nd4 15. Qd1 O-O 16. Be3 f5 17. f4 a5 18. b4 cxb4 19. axb4 a4 20. Bxd4 exd4 21. b5 Ra5 22. b6 a3 23. exf5 gxf5 24. Rf2 Rfa8 25. Ra2 Rc5 26. Qe1 Rc3 27. Qe6+ Qf7 28. Bf1 Ra5 29. Kf2 Qxe6 30. dxe6 Kf8 31. g4 Ke7 32. Bg2 d5 33. gxf5 Bf8 34. Bf1 Kf6 35. Be2 Kxf5 36. Bg4+ Kf6 37. Ke2 Bd6 38. h4 Rac5 39. Rba1 Rb5 40. Bf3 Kxe6 41. Bg4+ Kf6 42. Bf3 Rxb6 43. Bxd5 Rb2+ 44. Kf3 Rxd3+ 45. Ke4 Rh3 46. Rxb2 axb2 47. Rb1 Ba3 48. Kxd4 b5 49. Be4 Rxh4 50. Ke3 h5 51. Kf3 Rh3+ 52. Kg2 Re3 53. Bc6 h4 54. Bxb5 h3+ 55. Kh2 Rb3 56. Bc4 Rc3 57. Bg8 Bd6 58. Rxb2 Bxf4+ 59. Kg1 Rg3+ 60. Kh1 Rxg8 61. Rb6+ Kf5 62. Rb5+ Kg4 63. Rb1 Rc8 64. Ra1 Rc2 65. Rg1+ Kf3 66. Rf1+ Kg3 67. Rg1+ Rg2 68. Re1 Rf2 69. Rg1+ Kf3 70. Re1 Bd2 71. Ra1 Rg2 72. Ra3+ Kf2 73. Rf3+ Ke2 74. Re3+ Kd1 75. Re1+ 1/2-1/2

[Event "Keres mem (29th)"]
[Site "Vancouver CAN"]
[Date "2004.05.24"]
[Round "7.4"]
[White "Arapovic, Vitomir"]
[Black "Ferguson, Jim"]
[Result "1-0"]
[WhiteElo "2322"]
[BlackElo "2111"]
[PlyCount "79"]
[GameId "2160767911145844"]
[EventDate "2004.05.21"]
[EventType "swiss"]
[EventRounds "7"]
[EventCountry "CAN"]
[SourceTitle "LesEchecs.com"]
[Source "LesEchecs.com"]
[SourceDate "2003.03.18"]
[SourceVersion "1"]
[SourceVersionDate "2003.01.01"]
[SourceQuality "1"]

1. e4 e5 2. Nf3 Nc6 3. Bb5 a6 4. Ba4 Nf6 5. O-O Be7 6. Bxc6 dxc6 7. d3 Nd7 8. Nbd2 f6 9. Nc4 Nc5 10. Nh4 Be6 11. Nf5 Bf8 12. Qe2 Qd7 13. Nfe3 Be7 14. a4 b6 15. b3 O-O 16. Bb2 Nb7 17. f4 exf4 18. Rxf4 b5 19. Nd2 Bd6 20. Rff1 c5 21. Kh1 Rae8 22. Nf3 Nd8 23. axb5 axb5 24. Nh4 Nc6 25. Nhf5 Be5 26. Bxe5 Nxe5 27. Qf2 Kh8 28. Rad1 Nc6 29. Qg3 Nd4 30. Nxd4 cxd4 31. Nf5 Bg8 32. Rd2 Re5 33. Rdf2 Rfe8 34. Qf4 Be6 35. Nh4 Rg5 36. Nf3 Rg4 37. Qd2 Rg6 38. Qb4 Rd8 39. Ra1 Bg4 40. Ne5 1-0

[Event "Keres mem (29th)"]
[Site "Vancouver CAN"]
[Date "2004.05.24"]
[Round "7.5"]
[White "Harper, Bruce"]
[Black "North, Robert"]
[Result "1/2-1/2"]
[WhiteElo "2337"]
[BlackElo "2081"]
[PlyCount "21"]
[GameId "2160767911145845"]
[EventDate "2004.05.21"]
[EventType "swiss"]
[EventRounds "7"]
[EventCountry "CAN"]
[SourceTitle "LesEchecs.com"]
[Source "LesEchecs.com"]
[SourceDate "2003.03.18"]
[SourceVersion "1"]
[SourceVersionDate "2003.01.01"]
[SourceQuality "1"]

1. d4 Nf6 2. Nf3 g6 3. Nc3 d5 4. Bf4 Bg7 5. e3 O-O 6. Be2 c6 7. Ne5 Nfd7 8. Nxd7 Nxd7 9. Qd2 e5 10. Bg3 Re8 11. O-O-O 1/2-1/2

[Event "Keres mem (29th)"]
[Site "Vancouver CAN"]
[Date "2004.05.24"]
[Round "7.6"]
[White "Fullbrook, Nigel"]
[Black "Meng, Fanhao"]
[Result "0-1"]
[WhiteElo "2157"]
[BlackElo "2300"]
[PlyCount "44"]
[GameId "2160767911145846"]
[EventDate "2004.05.21"]
[EventType "swiss"]
[EventRounds "7"]
[EventCountry "CAN"]
[SourceTitle "LesEchecs.com"]
[Source "LesEchecs.com"]
[SourceDate "2003.03.18"]
[SourceVersion "1"]
[SourceVersionDate "2003.01.01"]
[SourceQuality "1"]

1. e4 e6 2. d4 d5 3. e5 c5 4. c3 Nc6 5. Nf3 Qb6 6. Bd3 Bd7 7. O-O cxd4 8. cxd4 Nxd4 9. Nxd4 Qxd4 10. Nc3 Qxe5 11. Re1 Qd6 12. Nb5 Qb8 13. Qg4 Nf6 14. Qh4 Bd6 15. Bg5 Bxb5 16. Bxb5+ Ke7 17. Rad1 Rd8 18. Qxh7 Rh8 19. Qxg7 Bxh2+ 20. Kf1 Be5 21. Rxd5 Rh1+ 22. Ke2 Rxe1+ 0-1

[Event "Keres mem (29th)"]
[Site "Vancouver CAN"]
[Date "2004.05.24"]
[Round "7.7"]
[White "Kyriakides, Savvas"]
[Black "Daroza, Eduardo"]
[Result "0-1"]
[WhiteElo "1797"]
[BlackElo "2137"]
[PlyCount "110"]
[GameId "2160767911145847"]
[EventDate "2004.05.21"]
[EventType "swiss"]
[EventRounds "7"]
[EventCountry "CAN"]
[SourceTitle "LesEchecs.com"]
[Source "LesEchecs.com"]
[SourceDate "2003.03.18"]
[SourceVersion "1"]
[SourceVersionDate "2003.01.01"]
[SourceQuality "1"]

1. e4 e6 2. d4 d5 3. exd5 exd5 4. Bd3 Bd6 5. Nf3 Ne7 6. Bg5 f6 7. Bh4 Nbc6 8. c3 Bg4 9. Nbd2 Qd7 10. O-O O-O-O 11. b4 Ng6 12. Bg3 Nf4 13. Bxf4 Bxf4 14. Qc2 g5 15. Rfe1 Kb8 16. a4 Ne7 17. b5 Nc8 18. a5 b6 19. c4 dxc4 20. Bxc4 Bxd2 21. Nxd2 Qxd4 22. Ra2 Nd6 23. Bf1 Bf5 24. Qb3 Rhe8 25. Nf3 Qc5 26. axb6 cxb6 27. Qa4 a5 28. bxa6 Rxe1 29. a7+ Ka8 30. Nxe1 Nb7 31. Be2 Qa5 32. Kf1 Qxa4 33. Rxa4 Na5 34. Ra3 Kxa7 35. Re3 Nc6 36. Ra3+ Kb7 37. h3 Ne5 38. Nf3 Nd3 39. Ne1 Nxe1 40. Kxe1 Be4 41. f3 Bc6 42. Re3 Re8 43. Kf2 Rxe3 44. Kxe3 Kc7 45. Bd3 h6 46. g3 Kd6 47. f4 Kc5 48. fxg5 fxg5 49. h4 b5 50. hxg5 hxg5 51. g4 b4 52. Bb1 Bd7 53. Bf5 Bxf5 54. gxf5 Kd5 55. f6 Ke6 0-1

[Event "Keres mem (29th)"]
[Site "Vancouver CAN"]
[Date "2004.05.24"]
[Round "7.8"]
[White "Adam, Valerian"]
[Black "Neufahrt, Gerhard"]
[Result "1-0"]
[WhiteElo "2292"]
[BlackElo "2052"]
[PlyCount "91"]
[GameId "2160767911145848"]
[EventDate "2004.05.21"]
[EventType "swiss"]
[EventRounds "7"]
[EventCountry "CAN"]
[SourceTitle "LesEchecs.com"]
[Source "LesEchecs.com"]
[SourceDate "2003.03.18"]
[SourceVersion "1"]
[SourceVersionDate "2003.01.01"]
[SourceQuality "1"]

1. e4 g6 2. d4 c6 3. f4 d5 4. e5 h5 5. Nf3 Nh6 6. Bd3 Bf5 7. c3 e6 8. O-O h4 9. Kh1 Be7 10. b4 Nd7 11. Be3 Nb6 12. a4 Bxd3 13. Qxd3 Nc4 14. Nbd2 Nxe3 15. Qxe3 Nf5 16. Qd3 g5 17. fxg5 Bxg5 18. Rfe1 Bf4 19. Nf1 Rc8 20. Ra2 Qe7 21. Ng1 Rg8 22. Rf2 Bh6 23. Nh3 Kd7 24. Rf3 Rg4 25. Re2 Rcg8 26. Ref2 Kc7 27. Qb1 b6 28. Qd3 Kb7 29. Nd2 Bxd2 30. Qxd2 Qf8 31. Rf4 R4g6 32. Qd3 R8g7 33. Qf3 Qg8 34. b5 c5 35. Rxf5 exf5 36. Nf4 Rg4 37. Nxd5 Re4 38. Nf6 Qd8 39. Nxe4 fxe4 40. Qxe4+ Kb8 41. d5 h3 42. g3 Qg5 43. Qf4 Qh5 44. e6+ Kb7 45. exf7 Qd1+ 46. Rf1 1-0

[Event "Keres mem (29th)"]
[Site "Vancouver CAN"]
[Date "2004.05.24"]
[Round "7.9"]
[White "Schemm, Michael"]
[Black "Goutor, Valentina"]
[Result "1/2-1/2"]
[WhiteElo "2077"]
[BlackElo "1899"]
[PlyCount "103"]
[GameId "2160767911145849"]
[EventDate "2004.05.21"]
[EventType "swiss"]
[EventRounds "7"]
[EventCountry "CAN"]
[SourceTitle "LesEchecs.com"]
[Source "LesEchecs.com"]
[SourceDate "2003.03.18"]
[SourceVersion "1"]
[SourceVersionDate "2003.01.01"]
[SourceQuality "1"]

1. Nf3 Nf6 2. g3 g6 3. b4 Bg7 4. Bb2 b6 5. Bg2 Bb7 6. O-O O-O 7. d3 d6 8. c4 c5 9. b5 d5 10. Ne5 Qc7 11. Nd2 d4 12. Ndf3 Ne8 13. Nc6 Nxc6 14. bxc6 Bxc6 15. Bc1 e5 16. Bd2 Nd6 17. a4 a6 18. Qc2 Rab8 19. Rfb1 Rfc8 20. Qc1 Qd7 21. Bh6 f6 22. a5 b5 23. cxb5 axb5 24. h4 c4 25. dxc4 bxc4 26. Rb6 c3 27. Bxg7 Kxg7 28. Kh2 Qc7 29. Nxd4 Bd7 30. Rxb8 Qxb8 31. Nc2 Bc6 32. Bxc6 Rxc6 33. a6 Qa7 34. Nb4 Rc4 35. Qe3 Qxe3 36. fxe3 Rc8 37. Ra5 Kf7 38. Kg2 Nc4 39. Ra1 Ke6 40. Kf3 Kd6 41. e4 Nb6 42. a7 Ra8 43. Ke3 Nc8 44. Nd5 Rxa7 45. Rxa7 Nxa7 46. Nxf6 h5 47. Kd3 Nb5 48. Nd5 Kc5 49. Nxc3 Nxc3 50. Kxc3 Kb5 51. Kb3 Kc5 52. Kc3 1/2-1/2

[Event "Keres mem (29th)"]
[Site "Vancouver CAN"]
[Date "2004.05.24"]
[Round "7.10"]
[White "Ryan, Mark"]
[Black "Tegzes, Laszlo"]
[Result "1/2-1/2"]
[WhiteElo "1968"]
[BlackElo "2203"]
[PlyCount "73"]
[GameId "2160767911145850"]
[EventDate "2004.05.21"]
[EventType "swiss"]
[EventRounds "7"]
[EventCountry "CAN"]
[SourceTitle "LesEchecs.com"]
[Source "LesEchecs.com"]
[SourceDate "2003.03.18"]
[SourceVersion "1"]
[SourceVersionDate "2003.01.01"]
[SourceQuality "1"]

1. e4 c5 2. Nf3 e6 3. d4 cxd4 4. Nxd4 Nf6 5. Nc3 Nc6 6. Be3 Bb4 7. Bd3 d5 8. Nxc6 bxc6 9. e5 d4 10. exf6 dxc3 11. b3 Qxf6 12. a3 Ba5 13. Be4 Bd7 14. Qd6 e5 15. Qc5 Bc7 16. O-O Bd6 17. Qxc3 O-O 18. Rad1 Bg4 19. f3 Bh5 20. Rxd6 Qxd6 21. Bc5 Qh6 22. Bxf8 Rxf8 23. Qxc6 Qe3+ 24. Kh1 Bg6 25. Bxg6 hxg6 26. Qe4 Qc5 27. b4 Qc3 28. Qd3 Rc8 29. Qxc3 Rxc3 30. Rc1 Rxa3 31. c4 Kf8 32. h4 Ke7 33. Kg1 a6 34. Rb1 Rc3 35. b5 axb5 36. cxb5 Kd8 37. b6 1/2-1/2

[Event "Keres mem (29th)"]
[Site "Vancouver CAN"]
[Date "2004.05.24"]
[Round "7.11"]
[White "Burke, Paul"]
[Black "Yousefzadeh, Mehrdad"]
[Result "0-1"]
[WhiteElo "2019"]
[BlackElo "1987"]
[PlyCount "94"]
[GameId "2160767911145851"]
[EventDate "2004.05.21"]
[EventType "swiss"]
[EventRounds "7"]
[EventCountry "CAN"]
[SourceTitle "LesEchecs.com"]
[Source "LesEchecs.com"]
[SourceDate "2003.03.18"]
[SourceVersion "1"]
[SourceVersionDate "2003.01.01"]
[SourceQuality "1"]

1. e4 Nf6 2. Nc3 d5 3. exd5 Nxd5 4. Nxd5 Qxd5 5. Nf3 Bg4 6. Be2 Nc6 7. O-O O-O-O 8. d3 e5 9. Be3 f5 10. c4 Qa5 11. Ng5 Bxe2 12. Qxe2 Rd7 13. a3 Be7 14. b4 Qa4 15. b5 Nd8 16. Nf3 Bf6 17. Qd1 Qxd1 18. Raxd1 Ne6 19. Rfe1 Rhd8 20. Bxa7 Rxd3 21. Rxd3 Rxd3 22. Be3 e4 23. Nd2 f4 24. Nxe4 fxe3 25. Nxf6 e2 26. f3 Rd1 27. Kf2 Rxe1 28. Kxe1 gxf6 29. Kxe2 Kd7 30. Ke3 Kd6 31. Ke4 Ng7 32. Kd4 b6 33. g4 Ne6+ 34. Ke4 Ng5+ 35. Kf4 Kc5 36. h4 Ne6+ 37. Kf5 Nd4+ 38. Ke4 Kxc4 39. a4 Nxb5 40. axb5 Kxb5 41. f4 Kc6 42. h5 Kd6 43. Kf5 Ke7 44. Ke4 Ke6 45. Kd4 c5+ 46. Kc4 h6 47. Kb5 f5 0-1

[Event "Keres mem (29th)"]
[Site "Vancouver CAN"]
[Date "2004.05.24"]
[Round "7.12"]
[White "Angelvette, Duane"]
[Black "Mandic, Slaven"]
[Result "0-1"]
[WhiteElo "1686"]
[BlackElo "1970"]
[PlyCount "70"]
[GameId "2160767911145852"]
[EventDate "2004.05.21"]
[EventType "swiss"]
[EventRounds "7"]
[EventCountry "CAN"]
[SourceTitle "LesEchecs.com"]
[Source "LesEchecs.com"]
[SourceDate "2003.03.18"]
[SourceVersion "1"]
[SourceVersionDate "2003.01.01"]
[SourceQuality "1"]

1. e4 g6 2. d4 Bg7 3. Nc3 d6 4. f4 a6 5. Nf3 b5 6. e5 Bb7 7. Bd3 e6 8. O-O Ne7 9. Qe1 Bxf3 10. Rxf3 d5 11. a4 b4 12. Nd1 Nbc6 13. c3 bxc3 14. bxc3 O-O 15. Ne3 Kh8 16. g4 h6 17. Ra2 Ng8 18. f5 Bxe5 19. dxe5 Nxe5 20. Be2 Nxf3+ 21. Bxf3 c6 22. c4 exf5 23. cxd5 fxg4 24. Nxg4 cxd5 25. Qd2 g5 26. Qd4+ f6 27. h4 Rc8 28. Be3 Rc4 29. Qa1 Qd6 30. Rg2 h5 31. hxg5 hxg4 32. Bxg4 Qe5 33. Rh2+ Kg7 34. gxf6+ Qxf6 35. Qb1 Rxg4+ 0-1

[Event "Keres mem (29th)"]
[Site "Vancouver CAN"]
[Date "2004.05.24"]
[Round "7.13"]
[White "Steininger, Gavin"]
[Black "Sladek, Vaclav"]
[Result "0-1"]
[WhiteElo "1951"]
[BlackElo "2000"]
[PlyCount "88"]
[GameId "2160767911145853"]
[EventDate "2004.05.21"]
[EventType "swiss"]
[EventRounds "7"]
[EventCountry "CAN"]
[SourceTitle "LesEchecs.com"]
[Source "LesEchecs.com"]
[SourceDate "2003.03.18"]
[SourceVersion "1"]
[SourceVersionDate "2003.01.01"]
[SourceQuality "1"]

1. e4 c5 2. Nf3 e6 3. d4 cxd4 4. Nxd4 Qb6 5. Nb3 Qc7 6. Nc3 a6 7. Bd3 b5 8. a3 Bb7 9. Be3 Nf6 10. O-O Be7 11. f4 d6 12. Qe2 h5 13. Kh1 Nbd7 14. Rad1 h4 15. Nd2 h3 16. Nf3 hxg2+ 17. Qxg2 Nc5 18. Bxc5 Qxc5 19. e5 Nd5 20. Ne4 Qc7 21. exd6 Bxd6 22. Nxd6+ Qxd6 23. Ne5 g5 24. Be4 Rc8 25. c3 Qc7 26. Ng4 Ke7 27. fxg5 Ne3 28. Rxf7+ Kxf7 29. Qf3+ Nf5 30. Bxb7 Rcd8 31. Rxd8 Qxd8 32. Nh6+ Kg6 33. Nxf5 exf5 34. Qc6+ Kxg5 35. Qg2+ Kf6 36. Qc6+ Kg7 37. Qg2+ Kf8 38. Qd5 Qf6 39. Qc5+ Kg7 40. Qg1+ Kh7 41. Bg2 Rg8 42. Qe3 Rg6 43. Qa7+ Rg7 44. Qe3 Qh4 0-1

[Event "Keres mem (29th)"]
[Site "Vancouver CAN"]
[Date "2004.05.24"]
[Round "7.14"]
[White "Chan, James"]
[Black "Escandor, Manuel Omana"]
[Result "1-0"]
[WhiteElo "1952"]
[BlackElo "1686"]
[PlyCount "107"]
[GameId "2160767911145854"]
[EventDate "2004.05.21"]
[EventType "swiss"]
[EventRounds "7"]
[EventCountry "CAN"]
[SourceTitle "LesEchecs.com"]
[Source "LesEchecs.com"]
[SourceDate "2003.03.18"]
[SourceVersion "1"]
[SourceVersionDate "2003.01.01"]
[SourceQuality "1"]

1. e4 e5 2. Nf3 d6 3. d4 exd4 4. Nxd4 Be7 5. Bc4 Nf6 6. Nc3 c6 7. a4 O-O 8. f3 Re8 9. O-O h6 10. Be3 Bf8 11. Qd2 Nbd7 12. Rad1 Ne5 13. Bb3 Qc7 14. h3 a6 15. Nde2 Ng6 16. Nf4 Ne5 17. Qf2 Be6 18. Bb6 Qc8 19. Nxe6 fxe6 20. f4 Ned7 21. Be3 Kh8 22. g4 d5 23. e5 Nh7 24. Ne2 Be7 25. c3 Rf8 26. Bc2 Nxe5 27. Qg3 Nc4 28. Bc1 Bc5+ 29. Kh1 Bd6 30. b3 Nb6 31. Qg1 Nd7 32. g5 Bc5 33. Qg4 Qe8 34. Ng3 Rg8 35. c4 d4 36. b4 Bxb4 37. Rxd4 Bf8 38. Bb2 Qe7 39. Re1 Qb4 40. Rb1 Qe7 41. Bc3 Nc5 42. Rbd1 e5 43. Re1 e4 44. Nf5 Qe6 45. Nxh6 Nf6 46. Qxe6 Nxe6 47. Nxg8 Nxd4 48. Bxd4 Nxg8 49. Rxe4 Bd6 50. f5 Ne7 51. Re6 Rd8 52. f6 Nc8 53. f7 Be5 54. Bxe5 1-0

[Event "Keres mem (29th)"]
[Site "Vancouver CAN"]
[Date "2004.05.24"]
[Round "7.15"]
[White "Collins, Casey"]
[Black "Fletcher, Christopher"]
[Result "1-0"]
[WhiteElo "1685"]
[BlackElo "1689"]
[PlyCount "41"]
[GameId "2160767911145855"]
[EventDate "2004.05.21"]
[EventType "swiss"]
[EventRounds "7"]
[EventCountry "CAN"]
[SourceTitle "LesEchecs.com"]
[Source "LesEchecs.com"]
[SourceDate "2003.03.18"]
[SourceVersion "1"]
[SourceVersionDate "2003.01.01"]
[SourceQuality "1"]

1. d4 Nf6 2. c4 e6 3. Nf3 b6 4. Nc3 Bb4 5. a3 Bxc3+ 6. bxc3 c5 7. e3 Bb7 8. Be2 O-O 9. O-O Ne4 10. Qc2 f5 11. a4 Nc6 12. Rd1 Qf6 13. Nd2 Nxf2 14. Kxf2 Qh4+ 15. Kg1 Nxd4 16. exd4 Rf6 17. Bf3 Bxf3 18. Nxf3 Qh5 19. Bf4 Rg6 20. Qf2 Rf8 21. Ne5 1-0

[Event "Keres mem (29th) U1600"]
[Site "Vancouver CAN"]
[Date "2004.05.22"]
[Round "1.4"]
[White "Enns, Edward"]
[Black "Holubowicz, Kazimiercz"]
[Result "0-1"]
[WhiteElo "1340"]
[BlackElo "1579"]
[PlyCount "85"]
[GameId "2160767911145718"]
[EventDate "2004.05.22"]
[EventType "swiss"]
[EventRounds "6"]
[EventCountry "CAN"]

1. d4 f5 2. c4 Nf6 3. Nc3 e6 4. Nf3 d6 5. Bg5 Be7 6. Qc2 Nc6 7. e4 O-O 8. Bd3 Nb4 9. Qd2 Nxd3+ 10. Qxd3 Qe8 11. O-O Bd8 12. Rfe1 Qh5 13. h3 h6 14. Bh4 f4 15. e5 g5 16. Bxg5 hxg5 17. exf6 Rxf6 18. Ne4 Rh6 19. Nh2 d5 20. Ng4 dxe4 21. Nxh6+ Qxh6 22. Rxe4 Qg6 23. c5 Bf6 24. Rae1 Bd7 25. Qc4 Re8 26. b4 a6 27. Qb3 Qf5 28. g4 Qh7 29. Kh2 Qf7 30. a4 Kg7 31. b5 Kf8 32. Qb4 Be7 33. Qa5 axb5 34. Qxc7 Bc6 35. Rxe6 Bd5 36. R6e5 Bc6 37. a5 Bd8 38. Rf5 Bxc7 39. Rxe8+ Bxe8 40. f3 Qxf5 41. gxf5 Bc6 42. Kg2 Kf7 43. Kf2 0-1

[Event "Keres mem (29th) U1600"]
[Site "Vancouver CAN"]
[Date "2004.05.24"]
[Round "5"]
[White "Forsyth, Alan"]
[Black "Feng, Jason"]
[Result "1-0"]
[WhiteElo "1406"]
[BlackElo "1608"]
[PlyCount "73"]
[GameId "2160767911145719"]
[EventDate "2004.05.22"]
[EventType "swiss"]
[EventRounds "6"]
[EventCountry "CAN"]

1. b4 e5 2. Bb2 Bxb4 3. f4 exf4 4. Bxg7 Qh4+ 5. g3 fxg3 6. Bg2 gxh2+ 7. Kf1 hxg1=Q+ 8. Kxg1 Qg4 9. Bxh8 f6 10. c3 h5 11. Kf1 Be7 12. Bf3 Qf5 13. Rxh5 Qg6 14. Rh1 Qg3 15. Qb3 d5 16. Qxd5 Bh3+ 17. Bg2 Bxg2+ 18. Qxg2 Qxg2+ 19. Kxg2 Nc6 20. d4 O-O-O 21. Nd2 Bd6 22. Ne4 f5 23. Nxd6+ Rxd6 24. Raf1 Rg6+ 25. Kf3 Nh6 26. Be5 Ng4 27. Bf4 Ne7 28. Rh8+ Kd7 29. e4 fxe4+ 30. Kxe4 Nf6+ 31. Kd3 Nfd5 32. Be5 Nc6 33. Rh7+ Nde7 34. Bf6 Ke6 35. Re1+ Kd6 36. Rexe7 Rg3+ 37. Re3 1-0

[Event "Keres mem (29th) U2000"]
[Site "Vancouver CAN"]
[Date "2004.05.22"]
[Round "1.16"]
[White "Hosford, Michael"]
[Black "Lee, Vicente jr."]
[Result "0-1"]
[WhiteElo "1965"]
[BlackElo "2336"]
[PlyCount "84"]
[GameId "2160767911145720"]
[EventDate "2004.05.22"]
[EventType "swiss"]
[EventRounds "6"]
[EventCountry "CAN"]

1. e4 c5 2. Nc3 Nc6 3. f4 g6 4. Nf3 Bg7 5. Bb5 a6 6. Bxc6 dxc6 7. O-O Nf6 8. d3 O-O 9. Qe1 b6 10. f5 e5 11. Qh4 gxf5 12. Bg5 f4 13. g3 fxg3 14. hxg3 h6 15. Bxh6 Ng4 16. Bxg7 Qxh4 17. Nxh4 Kxg7 18. Nf5+ Bxf5 19. Rxf5 f6 20. Re1 Rh8 21. Re2 Rh3 22. Nd1 Rah8 23. Nf2 Rxg3+ 24. Kf1 Ne3+ 25. Rxe3 Rxe3 26. Ng4 Rh1+ 27. Kg2 Ree1 28. Ne3 Rxe3 29. Kxh1 Re2 30. Rh5 Rxc2 31. Rh2 Rxh2+ 32. Kxh2 f5 33. exf5 Kf6 34. Kg3 Kxf5 35. Kf3 b5 36. b3 c4 37. dxc4 bxc4 38. bxc4 e4+ 39. Ke3 c5 40. Ke2 Kf4 41. Kf2 e3+ 42. Ke2 Ke4 0-1

[Event "Keres mem (29th) U2000"]
[Site "Vancouver CAN"]
[Date "2004.05.22"]
[Round "2.7"]
[White "Kindret, Mike"]
[Black "Lee, Vicente jr."]
[Result "0-1"]
[WhiteElo "1834"]
[BlackElo "2336"]
[PlyCount "78"]
[GameId "2160767911145721"]
[EventDate "2004.05.22"]
[EventType "swiss"]
[EventRounds "6"]
[EventCountry "CAN"]

1. e4 c5 2. Nf3 d6 3. d4 cxd4 4. Nxd4 Nf6 5. Nc3 a6 6. Bg5 e6 7. f4 Qb6 8. Qd2 Nc6 9. Nb3 Qc7 10. O-O-O b5 11. Bd3 Rb8 12. f5 b4 13. Ne2 e5 14. Kb1 a5 15. Bxf6 gxf6 16. Qe3 a4 17. Nbc1 h5 18. Bc4 Na5 19. Bd5 Ba6 20. h4 Bh6 21. Qf3 a3 22. b3 Rc8 23. c4 bxc3 24. Kc2 Bd2 25. Ng3 Nc6 26. Bxc6+ Qxc6 27. Nd3 Qb5 28. Nc1 Bb7 29. Qd3 Qb4 30. Qf3 Ke7 31. Nd3 Qd4 32. Nf2 Rcg8 33. Ne2 Qxf2 34. Nxc3 Be3+ 35. Qxf2 Bxf2 36. Nd5+ Bxd5 37. Rxd5 Bd4 38. Ra5 Rxg2+ 39. Kd3 Rc8 0-1

[Event "Keres mem (29th) U2000"]
[Site "Vancouver CAN"]
[Date "2004.05.22"]
[Round "2.10"]
[White "Levin, Chris"]
[Black "McCusky, Louis"]
[Result "1-0"]
[WhiteElo "1870"]
[BlackElo "1594"]
[PlyCount "81"]
[GameId "2160767911145722"]
[EventDate "2004.05.22"]
[EventType "swiss"]
[EventRounds "6"]
[EventCountry "CAN"]

1. e4 c5 2. Nf3 d6 3. d4 cxd4 4. Nxd4 a6 5. c4 Nf6 6. Nc3 e6 7. Be2 Be7 8. O-O O-O 9. Nc2 Nc6 10. Kh1 b6 11. b3 Qc7 12. Bb2 Bb7 13. f4 Rad8 14. Bf3 Nb8 15. Qe2 Nbd7 16. Rad1 Rfe8 17. Rfe1 h6 18. g3 Nf8 19. Ne3 Rd7 20. Rd2 N8h7 21. Red1 Red8 22. Qg2 Bc6 23. Nc2 e5 24. Nb4 Bb7 25. Nbd5 Nxd5 26. Nxd5 Bxd5 27. Rxd5 Nf6 28. R5d3 Nh7 29. Bg4 Nf6 30. Bxd7 Rxd7 31. Ba3 Qc6 32. Re1 exf4 33. gxf4 Nh5 34. Bb2 Nf6 35. f5 Nh5 36. Rh3 g6 37. Rxh5 Bg5 38. Rxg5 hxg5 39. Qxg5 Kh7 40. Qh4+ Kg8 41. Qh8# 1-0

[Event "Keres mem (29th) U2000"]
[Site "Vancouver CAN"]
[Date "2004.05.22"]
[Round "2.16"]
[White "Caluza, Juni"]
[Black "Westbrook, Mike"]
[Result "0-1"]
[WhiteElo "1744"]
[BlackElo "1619"]
[PlyCount "102"]
[GameId "2160767911145723"]
[EventDate "2004.05.22"]
[EventType "swiss"]
[EventRounds "6"]
[EventCountry "CAN"]

1. e4 e5 2. Nf3 Nc6 3. Bc4 Bc5 4. O-O Nf6 5. d3 O-O 6. c3 d5 7. exd5 Nxd5 8. b4 Be7 9. b5 Na5 10. Nxe5 Bf6 11. Re1 Nxc4 12. dxc4 Nb6 13. Qxd8 Rxd8 14. Bf4 Na4 15. Nd2 Bf5 16. Ne4 Bxe4 17. Rxe4 Nxc3 18. Re3 Nxa2 19. g4 Nb4 20. Rb1 Nc2 21. Rd3 Rxd3 22. Nxd3 c6 23. bxc6 bxc6 24. Ne5 Nd4 25. Kf1 a5 26. Rb7 a4 27. g5 Bxe5 28. Bxe5 Nf3 29. Bc3 Nxg5 30. Bb4 Ne6 31. Ba3 h6 32. Ke1 Nd4 33. Kd1 Nf3 34. Rb6 Rd8+ 35. Kc1 Ne5 36. Ra6 Nxc4 37. Rxa4 Nxa3 38. Rxa3 c5 39. Kc2 c4 40. Ra4 Rc8 41. Kc3 g5 42. h3 Kg7 43. Rxc4 Rxc4+ 44. Kxc4 f5 45. Kd4 Kf6 46. Ke3 Ke5 47. Kf3 Kd4 48. h4 gxh4 49. Kf4 h3 50. Kg3 Ke4 51. f3+ Ke3 0-1

[Event "Keres mem (29th) U2000"]
[Site "Vancouver CAN"]
[Date "2004.05.23"]
[Round "3.1"]
[White "Lee, Vicente jr."]
[Black "Phonchiangkwong, Sumon Chai"]
[Result "1-0"]
[WhiteElo "2336"]
[BlackElo "1930"]
[PlyCount "123"]
[GameId "2160767911145724"]
[EventDate "2004.05.22"]
[EventType "swiss"]
[EventRounds "6"]
[EventCountry "CAN"]

1. e4 Nf6 2. e5 Nd5 3. d4 d6 4. Nf3 Bg4 5. c4 Nb6 6. exd6 exd6 7. Nc3 Be7 8. Be3 O-O 9. Be2 Nc6 10. b3 Bf6 11. Ne4 Be7 12. d5 Bxf3 13. Bxf3 Ne5 14. Be2 f5 15. Nc3 Bf6 16. Bd4 Qe7 17. O-O Nbd7 18. f4 Ng6 19. Bh5 Rae8 20. Nb5 Bxd4+ 21. Nxd4 Qe3+ 22. Kh1 Nc5 23. Rf3 Qe4 24. b4 Na6 25. a3 Nh4 26. Rg3 g6 27. Ne6 Rf6 28. Qf1 Rfxe6 29. dxe6 Rxe6 30. Rh3 gxh5 31. Rxh4 Nb8 32. Rxh5 Nd7 33. Rg5+ Kf7 34. Qb1 Nf6 35. Rxf5 Qxc4 36. h3 Ke7 37. Qc1 b5 38. Qb2 c6 39. a4 Qe4 40. Rg5 Qxf4 41. Rg7+ Kf8 42. Rxa7 bxa4 43. b5 cxb5 44. Qxb5 Ne4 45. Ra8+ Kf7 46. Qh5+ Kg7 47. Ra7+ Kf8 48. Ra8+ Kg7 49. Ra7+ Kf8 50. Qf3 Qxf3 51. gxf3 Nc5 52. Rxh7 Re7 53. Rxe7 Kxe7 54. Kg2 d5 55. Rc1 Kd6 56. h4 d4 57. h5 Ne6 58. h6 Nf8 59. Rc4 Kd5 60. Rxa4 Ke5 61. Ra8 Nh7 62. Ra7 1-0

[Event "Keres mem (29th) U2000"]
[Site "Vancouver CAN"]
[Date "2004.05.23"]
[Round "3.4"]
[White "Chung, Alvin"]
[Black "Leblanc, Paul"]
[Result "0-1"]
[WhiteElo "1895"]
[BlackElo "1862"]
[PlyCount "68"]
[GameId "2160767911145725"]
[EventDate "2004.05.22"]
[EventType "swiss"]
[EventRounds "6"]
[EventCountry "CAN"]

1. c4 c6 2. d4 d5 3. Nf3 Nf6 4. e3 a6 5. c5 Nbd7 6. Nbd2 g6 7. b3 Bg7 8. Bb2 O-O 9. Qc2 e5 10. dxe5 Ng4 11. h3 Ngxe5 12. O-O-O Qe7 13. Nxe5 Nxe5 14. g4 Nd7 15. Bxg7 Kxg7 16. Qc3+ Kg8 17. b4 a5 18. a3 axb4 19. axb4 b6 20. Nb3 Bb7 21. Bd3 Ra2 22. Rd2 Ra3 23. Rc2 Rfa8 24. Kd2 Ne5 25. f4 Nxd3 26. Qxd3 Ba6 27. Qc3 Bc4 28. Rb2 bxc5 29. bxc5 Qe4 30. Rhb1 Qg2+ 31. Kc1 Qxh3 32. Qd4 Re8 33. Nd2 Raxe3 34. Rb8 Rc3+ 0-1